Zimný energetický balíček mení nastavenie európskeho energetického trhu

Súbor ôsmych nariadení a smerníc Európskej únie, ktoré zásadne menia terajšiu tvár národnej a európskej energetiky. Ambiciózny legislatívny projekt Európskej únie.

Salvato in:
Dettagli Bibliografici
Autore principale: Baloghová, Andrea
Altri autori: Hudák, Jozef, Ondrejka, Juraj, Poláček, Pavol
Natura: Capitolo di libro
Lingua:slovacco
Soggetti:
Tags: Aggiungi Tag
Nessun Tag, puoi essere il primo ad aggiungerne!!

MARC

LEADER 00000naa a2200000 4500
001 0258661
005 20191002132142.6
041 0 |a slo 
044 |a CZ 
245 1 0 |a Zimný energetický balíček mení nastavenie európskeho energetického trhu  |c Andrea Baloghová, Jozef Hudák, Juraj Ondrejka, Pavol Poláček 
520 |a Súbor ôsmych nariadení a smerníc Európskej únie, ktoré zásadne menia terajšiu tvár národnej a európskej energetiky. Ambiciózny legislatívny projekt Európskej únie. 
610 2 0 |a energetika 
610 2 0 |a trh energetický 
610 2 0 |a hospodárnosť 
610 2 0 |a budovy 
610 2 0 |a efektívnosť 
610 2 0 |a bezpečnosť energetická 
610 2 0 |a elektrina 
610 2 0 |a smernice 
610 2 0 |a Európska únia 
100 1 |a Baloghová, Andrea 
700 1 |a Hudák, Jozef 
700 1 |a Ondrejka, Juraj 
700 1 |a Poláček, Pavol